Score 0/50 Timer 01:00
19 Plays Today
State Abbr. % Correct
New York???
26.4%
South Carolina???
26.4%
North Carolina???
26.3%
New Jersey???
26.3%
North Dakota???
26.2%
New Mexico???
26.2%
California???
26.2%
New Hampshire???
26.2%
South Dakota???
26.2%
West Virginia???
26.2%
Rhode Island???
26.1%
Ohio???
26%
Texas???
26%
Oklahoma???
26%
Colorado???
25.9%
Illinois???
25.9%
Florida???
25.8%
Utah???
25.8%
Wyoming???
25.6%
Washington???
25.6%
Oregon???
25.4%
Idaho???
25.3%
Alabama???
25.2%
Michigan???
25.1%
Tennessee???
25%
State Abbr. % Correct
Georgia???
24.7%
Arizona???
24.6%
Wisconsin???
24.4%
Indiana???
24.4%
Massachusetts???
24.3%
Delaware???
24.2%
Louisiana???
23.9%
Vermont???
23.8%
Virginia???
23.8%
Minnesota???
23.7%
Nevada???
23.5%
Maryland???
22.9%
Connecticut???
22.8%
Pennsylvania???
22.6%
Maine???
22.3%
Kentucky???
22.2%
Hawaii???
22.1%
Nebraska???
21.8%
Kansas???
21.8%
Mississippi???
21.2%
Alaska???
21.1%
Iowa???
20.8%
Missouri???
19.7%
Montana???
19.7%
Arkansas???
18.4%

You're not logged in!

Compare scores with friends on all Sporcle quizzes.
OR
Log In

Sporcle TV

Today on Sporcle TV


Watch our educational content, quiz creation guides, and fun videos on Sporcle TV.

Show Comments

Extras

Top Quizzes Today


Score Distribution

Your Account Isn't Verified!

In order to create a playlist on Sporcle, you need to verify the email address you used during registration. Go to your Sporcle Settings to finish the process.

Report this User

Report this user for behavior that violates our Community Guidelines.

Details: